<?xml version="1.0" encoding="UTF-8"?>
<marc:record xmlns:marc="http://www.loc.gov/MARC21/slim">
   <marc:leader>00000nam a2200000 a 4500</marc:leader>
   <marc:datafield ind1="1" ind2=" " tag="100">
      <marc:subfield code="a">Hula, Saskia</marc:subfield>
      <marc:subfield code="4">aut</marc:subfield>
      <marc:subfield code="e">Verfasser/-in</marc:subfield>
   </marc:datafield>
   <marc:datafield ind1="0" ind2="0" tag="245">
      <marc:subfield code="a">Die coolste Schule der Welt</marc:subfield>
   </marc:datafield>
   <marc:datafield ind1="0" ind2="0" tag="245">
      <marc:subfield code="c">Hula, Saskia</marc:subfield>
   </marc:datafield>
   <marc:datafield ind1=" " ind2="1" tag="264">
      <marc:subfield code="c">2013</marc:subfield>
   </marc:datafield>
   <marc:datafield ind1="1" ind2=" " tag="520">
      <marc:subfield code="a">Schulbeginn mit Oskar macht Spaß! Oskars und Wilmas neue Schule ist gar nicht so übel, aber die Schulen ihrer Freunde sind tausendmal besser! In Rastamäns Schule kann man lernen, wie und wann man will. Und wenn man grade keine Lust hat, kann man auch ein Baumhaus bauen. Supermario spricht in seiner neuen Schule nur englisch, mit echten Engländern. Und in Jojos Schule ist alles elektronisch, vom Tischtennistisch bis zur Theaterbühne. Außerdem gibt es da einen Hamster namens James Bond! Alles ganz schön cool, findet Oskar. um die Schule zu wechseln, müsste er allerdings Wilma zurücklassen. Das will er auch nicht. Ein kniffliger Fall! Aber Oskar wäre nicht Oskar, wenn er nicht eine Idee hätte.</marc:subfield>
   </marc:datafield>
   <marc:datafield ind1=" " ind2=" " tag="020">
      <marc:subfield code="a">9783701721276</marc:subfield>
      <marc:subfield code="9">9783701721276</marc:subfield>
   </marc:datafield>
   <marc:datafield ind1=" " ind2=" " tag="020">
      <marc:subfield code="a">3701721270</marc:subfield>
      <marc:subfield code="9">3701721270</marc:subfield>
   </marc:datafield>
   <marc:datafield ind1=" " ind2=" " tag="338">
      <marc:subfield code="a">Band</marc:subfield>
   </marc:datafield>
</marc:record>
